01138ngm a2200337 4500003000400000005001700004007000500021008004100026010003800067024004800105035002000153035002000173040001300193082001500206245005100221260002900272300006300301440003200364500004900396500003300445500005500478538004900533538009700582650001900679700001500698700002000713700001900733700001300752700001600765700001900781dpl20090102114853.0DVD ||||||sp199 xxu|||||c ||| 00| 0 ng d  aDVD-001695-1697 & DVD-005231-5235 aSHE DVD 042c169.00 & 99.00 (Revised Price) aDVD-001695-1697 aDVD-005231-5235 aDPLcDPL aDVD / STYL aStylecN C Gil Presentsh[videorecording] DVD/ bShemaroo Video Pvt. Ltd. a1 videodisc DVD; (163 min.) :bsd., col. ;c4 3/4 in.fDVD aShemaroo Home Entertainment aDigitally Re-Mastered From the Original Film aEvery dam's thing in ishtyle aThe Ultimate Enchanced Version With Smooth Viewing aDolby Digital 5.1 - Hindi Subtitles: English aAnamorphic Wide Screen Format, Presented 2:35.1 Aspect Ratio Enhancaead for 16:9 Wide Screen aMotion Picture aChandra, N aSanjeev Darshan aJoshi, Sharman aSen, Ria aKhan, Sahil aMudgal, Shilpi